|
|
|
|
| LEADER |
00000nam a2200000 i 4500 |
| 001 |
1/101468 |
| 008 |
000210s1998 eng d |
| 020 |
|
|
|a 0-304-70336-2
|
| 035 |
|
|
|l 10057695
|
| 040 |
|
|
|a GR-MY-UA
|b gre
|e aacr
|
| 041 |
0 |
|
|a eng
|
| 082 |
0 |
|
|a 658.4038
|
| 100 |
1 |
|
|a Treby, Anna.
|
| 245 |
1 |
3 |
|a An introduction to information technology /
|c Anna Treby
|
| 260 |
|
|
|a London :
|b Cassell,
|c c1998
|
| 300 |
|
|
|a x, 160 p.
|
| 650 |
0 |
0 |
|a Information technology.
|
| 852 |
|
|
|a INST
|b CHIOS
|e 20000210
|h 658.4038 TRE
|p 005200018898
|q 005200018898
|t BK
|y 0
|
| 901 |
|
|
|a BIBL2-2000-1
|
| 909 |
|
|
|a Χ
|b 074221
|
| 922 |
|
|
|a 2ΕΛΗ
|b 200002
|c ΤΔΕ
|d ΠΑΠΑΣΩΤΗΡΙΟΥ
|
| 950 |
|
|
|a 112-1999-11-11
|
| 970 |
|
|
|z 2000/08/ΔΕΜΕΝΑΓΑΣ
|
| 970 |
|
|
|a ΣΑΛΑΜΟΥΡΑ
|b ΜΑΡΙΑ
|z 2000/02/14
|